| 000 | 00377 a2200157 4500 | ||
|---|---|---|---|
| 020 | _a9695190472 | ||
| 082 | _a297.09 | ||
| 090 |
_c6061 _d6061 |
||
| 100 | _aAhmed,Nazeer. | ||
| 245 |
_aIslam in Global History. _cDr.Nazeer Ahmed. |
||
| 250 | _a1st. | ||
| 260 |
_aLahore. _bSuhail Academy. _c2002. |
||
| 300 | _a786p. | ||
| 500 | _aHardcover. | ||
| 942 |
_aNBS _cBK _k297.09 AHM |
||
| 999 |
_c348448 _d348448 |
||